[Event "Campos Migjorn op"]
[Site "Campos"]
[Date "2016.09.23"]
[Round "5"]
[White "Fentes Caceres, Daniel"]
[Black "Oliver Gari, Jorge"]
[Result "1-0"]
[WhiteElo "1728"]
[BlackElo "1572"]
[PlyCount "89"]
[EventDate "2016.09.09"]
[EventType "swiss"]
[EventRounds "8"]
[EventCountry "ESP"]
[SourceTitle "EXT 2017"]
[Source "ChessBase"]
[SourceDate "2016.10.25"]
[SourceVersion "1"]
[SourceVersionDate "2016.10.25"]
[SourceQuality "1"]

1. d4 d5 2. c4 e6 3. Nc3 f5 4. g3 c6 5. Bg2 Nf6 6. Nf3 Bb4 7. 0-0 0-0 8. cxd5 exd5 9. a3 Bxc3 10. bxc3 Ne4 11. Qc2 Nd7 12. Bb2 Nb6 13. Ne5 Be6 14. a4 Nf6 15. a5 Nbd7 16. a6 Qc8 17. axb7 Qxb7 18. Rfb1 Nb6 19. Ba3 Rfd8 20. Bc5 Qc7 21. Rxa7 Qc8 22. Rxa8 Nxa8 23. Qa4 Nd7 24. Nxc6 Nxc5 25. dxc5 Qd7 26. Qa6 Nc7 27. Qb7 Rc8 28. Qxc8+ Qxc8 29. Ne7+ Kf7 30. Nxc8 Bxc8 31. Rb8 Ba6 32. e3 Ke7 33. Bf1 Bxf1 34. Kxf1 Kd7 35. Rb6 Ne8 36. Ke2 Kc7 37. Kd3 Nf6 38. Rd6 Ne4 39. Rxd5 Nxf2+ 40. Ke2 Ne4 41. Rxf5 Nf6 42. Kf3 Kd7 43. Rxf6 gxf6 44. Kf4 Ke6 45. c6 1-0

[Event "Campos Migjorn op"]
[Site "Campos"]
[Date "2016.09.17"]
[Round "4"]
[White "Oliver Gari, Jorge"]
[Black "Llado Tomas, Miquel"]
[Result "0-1"]
[WhiteElo "1572"]
[BlackElo "1702"]
[PlyCount "46"]
[EventDate "2016.09.09"]
[EventType "swiss"]
[EventRounds "8"]
[EventCountry "ESP"]
[SourceTitle "EXT 2017"]
[Source "ChessBase"]
[SourceDate "2016.10.25"]
[SourceVersion "1"]
[SourceVersionDate "2016.10.25"]
[SourceQuality "1"]

1. d4 Nf6 2. Bf4 g6 3. e3 Bg7 4. Bd3 c5 5. c3 cxd4 6. exd4 0-0 7. Nd2 d5 8. Ne2 Re8 9. f3 Nh5 10. Bxb8 Rxb8 11. g4 Nf6 12. Ng3 e5 13. dxe5 Rxe5+ 14. Kf2 Qb6+ 15. Kg2 Qxb2 16. Ne2 Re3 17. Rb1 Qxa2 18. Nc1 Qa5 19. Qc2 Bd7 20. Ncb3 Qa4 21. Ra1 Qf4 22. Nd4 Nxg4 23. Ne2 Rxe2+ 0-1